| 000 | 01088nam a22003497a 4500 | ||
|---|---|---|---|
| 003 | CHAP | ||
| 005 | 20220817041713.0 | ||
| 008 | 971013s1978 r 00010 d | ||
| 010 | _a22035 | ||
| 011 | _a23007 | ||
| 035 | _a27102 | ||
| 040 | _cCHAP | ||
| 090 | _aFolleto 5050 (1978) | ||
| 100 | 0 | 0 |
_aCobia, David W. _924170 |
| 245 |
_aSunflower _b: production and marketing |
||
| 250 | _aRev. ed. | ||
| 260 |
_aFargo : _bNorth Dakota Agricultural Experiment Station, _c1978 |
||
| 300 |
_a73 p. _b: ilus. |
||
| 490 |
_aExtension bulletin _v;25 |
||
| 590 |
_aBATCH-UPD _b10 _c20130110 _lUCH01 _h0203 |
||
| 590 |
_aBATCH-UPD _b10 _c20130110 _lUCH01 _h2211 |
||
| 590 |
_aBATCH-UPD _b10 _c20130410 _lUCH01 _h1514 |
||
| 590 |
_aBATCH-UPD _b10 _c20130914 _lUCH01 _h1543 |
||
| 590 |
_aCONVERSION _b10 _c20130109 _lUCH01 _h1313 |
||
| 650 | 1 | 4 |
_aGirasol. _948126 |
| 650 | 1 | 4 |
_aGirasol _xAspectos económicos. _948129 |
| 700 | 0 |
_aZimmer, David E. _9124034 |
|
| 830 | 0 |
_aExtension bulletin _v;25 |
|
| 901 | _aBK | ||
| 942 | _cFOLL | ||
| 949 |
_aFolleto 5050 (1978) _bBC _cFOLL _d-62753 _eTS1 _i27102 _mD _si |
||
| 999 |
_c22035 _d22035 |
||